|
|
|
|
| LEADER |
01285cam a2200289 a 4500 |
| 001 |
17326295 |
| 003 |
BD-DhAAL |
| 005 |
20150910020003.0 |
| 008 |
130530s2013 nyuab b 001 0 eng |
| 010 |
|
|
|a 2012020783
|
| 020 |
|
|
|a 9780071318549
|a 0071318542
|a 9780078035005 (hard copy : alk. paper)
|
| 020 |
|
|
|a 0078035007 (hard copy : alk. paper)
|
| 040 |
|
|
|a DLC
|c DLC
|d DLC
|d BD-DhAAL
|
| 050 |
0 |
0 |
|a GN316
|b .K643 2013
|
| 082 |
0 |
0 |
|a 306
|2 23
|
| 100 |
1 |
|
|a Kottak, Conrad Phillip.
|9 1201
|
| 245 |
1 |
0 |
|a Cultural anthropology :
|b appreciating human diversity /
|c Conrad Phillip Kottak.
|
| 250 |
|
|
|a 15th ed.
|
| 260 |
|
|
|a New York :
|b McGraw-Hill,
|c c2013.
|
| 300 |
|
|
|a xxv, 417 [37] p. :
|b col. ill., col. maps ;
|c 28 cm.
|
| 504 |
|
|
|a Includes bibliographical references (p. 380-400) and indexes.
|
| 541 |
|
|
|e 27063
|
| 650 |
|
0 |
|a Ethnology.
|9 1202
|
| 942 |
|
|
|2 ddc
|c BK
|0 1
|
| 999 |
|
|
|c 13517
|d 13517
|
| 952 |
|
|
|0 0
|1 0
|2 ddc
|4 0
|6 306_000000000000000_KOT
|7 0
|9 22551
|a BRACUL
|b BRACUL
|c GEN
|d 2013-05-30
|e Karim International
|g 3900.00
|l 46
|m 237
|o 306 KOT
|p 3010027063
|r 2025-03-22
|s 2025-02-09
|t 1
|w 2013-05-30
|y BK
|
| 952 |
|
|
|0 0
|1 0
|2 ddc
|4 0
|6 306_000000000000000_KOT
|7 0
|9 23255
|a BRACUL
|b BRACUL
|c CIR
|d 2013-08-27
|e Karim International
|g 3900.00
|l 17
|m 85
|o 306 KOT
|p 3010027425
|r 2017-06-05
|s 2017-06-05
|t 2
|w 2013-08-27
|y 1HOUR
|